Valencia CF 2025/26 Squad - Statistics

General Stats
  • This quiz has been taken 18 times
  • The average score is 24 of 26
Answer Stats
Hint Answer % Correct
RB 🇬🇵 Dimitri Foulquier
100%
FW 🇪🇸 Hugo Duro
100%
CM 🇪🇸 Javi Guerra
100%
LB 🇪🇸 José Gayà
100%
FW 🇳🇬 Umar Sadiq
100%
AM 🇵🇹 André Almeida
93%
LW 🇳🇱 Arnaut Danjuma
93%
CB 🇪🇸 César Tárrega
93%
GK 🇪🇸 Cristian Rivero
93%
LW 🇪🇸 Diego López
93%
CB 🇨🇭 Eray Cömert
93%
CM 🇨🇭 Filip Ugrinic
93%
GK 🇪🇸 Julen Agirrezabala
93%
AM 🇧🇪 Largie Ramazani
93%
FW 🇦🇷 Lucas Beltrán
93%
DM 🇪🇸 Pepelu
93%
GK 🇲🇰 Stole Dimitrievski
93%
RB 🇵🇹 Thierry Correia
93%
DM 🇦🇷 Guido Rodríguez
87%
LB 🇪🇸 Jesús Vázquez
87%
CB 🇪🇸 José Copete
87%
LW 🇪🇸 Luis Rioja
87%
CB 🇬🇳 Mouctar Diakhaby
87%
CB 🇪🇸 Unai Núñez
80%
RW 🇪🇸 Dani Raba
67%
DM 🇫🇷 Baptiste Santamaria
60%
No matching quizzes found
Score Distribution
Percent of People with Each Score
Percentile by Number Answered
Your Score History
You have not taken this quiz